Problémy v oblasti harmonizácie DPH pri zdaňovaní voucherov

Nahradenie právnej normy tzv. Šiestej smernice o DPH smernicou Rady 2006/112/EEC o spoločnom systéme DPH. Prístupy k zdaňovaniu voucherov. Voucher na konkrétny tovar/službu. Viacúčelový voucher.

Guardado en:
Detalles Bibliográficos
Autor principal: Solík, Ján
Formato: Capítulo de libro
Lenguaje:eslovaco
Materias:
Etiquetas: Agregar Etiqueta
Sin Etiquetas, Sea el primero en etiquetar este registro!

MARC

LEADER 00000naa$a2200000$$$4500
001 0058026
005 20240502071642.8
041 0 |a slo 
044 |a SK 
245 1 0 |a Problémy v oblasti harmonizácie DPH pri zdaňovaní voucherov  |c Ján Solík 
520 |a Nahradenie právnej normy tzv. Šiestej smernice o DPH smernicou Rady 2006/112/EEC o spoločnom systéme DPH. Prístupy k zdaňovaniu voucherov. Voucher na konkrétny tovar/službu. Viacúčelový voucher. 
610 2 0 |a zdaňovanie 
610 2 0 |a dane z hodnoty pridanej 
610 2 0 |a smernice 
610 2 0 |a poukážky 
100 1 |a Solík, Ján